Fungal infection : diagnosis and management /

Fungal Infection: Diagnosis and Management, 4th Edition is a concise and up-to-date guide to the clinical manifestations, laboratory diagnosis and management of superficial, subcutaneous and systemic fungal infections. This highly acclaimed book has been extensively revised and updated throughout...

Full description

Bibliographic Details
Main Author: Richardson, M. D.
Other Authors: Warnock, D. W.
Format: eBook
Language:English
Published: Chichester, West Sussex, UK : Wiley-Blackwell, 2012.
Edition:4th ed.
Series:Wiley Online Library.
Subjects:
Online Access:Connect to the full text of this electronic book

MARC

Tag First Indicator Second Indicator Subfields
LEADER 00000cam a2200000Ma 4500
001 in00002782027
005 20210728124827.0
006 m d
007 cr cn|||||||||
008 110822s2012 enk ob 001 0 eng d
020 |a 1118321499 (electronic bk.) 
020 |a 9781118321492 (electronic bk.) 
020 |z 1405170565 (Paper) 
020 |z 9781405170567 (Paper) 
024 8 |a 9786613406101 
035 |a (OCoLC)779695886 
035 |a (OCoLC)ocn779695886 
035 |a 3993462 
037 |a 340610  |b MIL 
040 |a CDX  |b eng  |c CDX  |d OCLCQ  |d CUS  |d DG1  |d TXA  |d UtOrBLW 
049 |a TXAM 
050 4 |a RC117  |b .R47 2012eb 
060 4 |a WC 450 
082 0 4 |a 616.9/69  |2 23 
100 1 |a Richardson, M. D.  |0 http://id.loc.gov/authorities/names/n81141427 
245 1 0 |a Fungal infection :  |b diagnosis and management /  |c Malcolm D. Richardson, David W. Warnock. 
250 |a 4th ed. 
264 1 |a Chichester, West Sussex, UK :  |b Wiley-Blackwell,  |c 2012. 
300 |a 1 online resource (xxix, 445 pages) 
336 |a text  |b txt  |2 rdacontent 
337 |a computer  |b c  |2 rdamedia 
338 |a online resource  |b cr  |2 rdacarrier 
500 |a Electronic resource. 
504 |a Includes bibliographical references and index. 
520 |a Fungal Infection: Diagnosis and Management, 4th Edition is a concise and up-to-date guide to the clinical manifestations, laboratory diagnosis and management of superficial, subcutaneous and systemic fungal infections. This highly acclaimed book has been extensively revised and updated throughout to ensure all drug and dosage recommendations are accurate and in agreement with current guidelines. A new chapter on infections caused by Pneumocystis jirovecii has been added. The book has been designed to enable rapid information retrieval and to help clinicians make informed decisions about diagnosis and patient management. Each chapter concludes with a list of recent key publications which have been carefully selected to facilitate efficient access to further information on specific aspects of fungal infections. Clinical microbiologists, infectious disease specialists, as well as dermatologists, hematologists and oncologists, can depend on this contemporary text for authoritative information and the background necessary to understand fungal infections --  |c Provided by publisher. 
588 |a Description based on print version record. 
650 1 2 |a Mycoses  |x diagnosis.  |0 https://id.nlm.nih.gov/mesh/D009181Q000175 
650 2 2 |a Mycoses  |x therapy.  |0 https://id.nlm.nih.gov/mesh/D009181Q000628 
650 0 |a Mycoses.  |0 http://id.loc.gov/authorities/subjects/sh85089198 
655 7 |a Electronic books.  |2 local 
700 1 |a Warnock, D. W.  |0 http://id.loc.gov/authorities/names/n81141426 
776 0 8 |i Print version:  |z 9786613406101  |w (DLC) 2011035462 
830 0 |a Wiley Online Library. 
856 4 0 |u http://proxy.library.tamu.edu/login?url=https://dx.doi.org/10.1002/9781118321492  |z Connect to the full text of this electronic book  |t 0 
948 |a cataloged  |b h  |c 2012/5/22  |d c  |e jlanham  |f 5:13:50 pm 
994 |a C0  |b TXA 
999 |a MARS 
999 f f |s af9d3ae4-e423-3f14-a8b6-002a69b5610a  |i 62281654-f60a-3dfb-b75a-9acb71bfc382  |t 0 
952 f f |a Texas A&M University  |b College Station  |c Electronic Resources  |d Available Online  |t 0  |e RC117 .R47 2012eb  |h Library of Congress classification 
998 f f |a RC117 .R47 2012eb  |t 0  |l Available Online